The maltese falcon the thin man red harvest (Record no. 159883)

MARC details
000 -LEADER
fixed length control field 00358nam a2200145 a 4500
008 - FIXED-LENGTH DATA ELEMENTS--GENERAL INFORMATION
fixed length control field
003 - CONTROL NUMBER IDENTIFIER
control field
005 - DATE AND TIME OF LATEST TRANSACTION
control field 20230123134105.0
040 ## - CATALOGING SOURCE
Transcribing agency NUST
049 ## - LOCAL HOLDINGS (OCLC)
Holding library MAIN
100 ## - MAIN ENTRY--PERSONAL NAME
Personal name Hammett Dashiel
245 #4 - TITLE STATEMENT
Title The maltese falcon the thin man red harvest
907 ## - LOCAL DATA ELEMENT G, LDG (RLIN)
a .b10174862
b 08-09-05
c 08-09-05
942 ## - ADDED ENTRY ELEMENTS (KOHA)
Koha item type Ordinary Loan Books
Holdings
Date last seen Total Checkouts Barcode Cost, replacement price Price effective from Koha item type Lost status Source of classification or shelving scheme Damaged status Not for loan Collection Withdrawn status Home library Current library Shelving location Date acquired Cost, normal purchase price
01/23/2023 4 92003019939 80.00 01/23/2023 BOOKS   lcc     NFIC   MAIN MAIN GEN 01/23/2023 80.00